| 000 | 01178nam a22004097a 4500 | ||
|---|---|---|---|
| 001 | BR0604559 | ||
| 003 | BR-BrBNA | ||
| 005 | 20230928102311.0 | ||
| 007 | ta | ||
| 008 | 230509b bl.||||| |||| 00| 0 por d | ||
| 040 |
_aBR-BrBNA _bpor _cBiblioteca Nacional de Agricultura |
||
| 041 | _a(Por) | ||
| 072 | _aE70; E10; E40 | ||
| 090 | _ E70 BR0604559 | ||
| 110 | 1 | _aMinistério da Agricultura, Pecuária e Abastecimento, Brasília, DF (Brasil) | |
| 245 | 1 | _aNovos tempos; a agropecuária no Brasil 2003-2006 | |
| 260 | 3 |
_aBrasília, DF (Brasil): _c2006. |
|
| 300 | _a79 p. | ||
| 500 | _a45 illus. | ||
| 650 | _aAGRONEGÓCIO | ||
| 650 | _aINSPEÇÃO SANITÁRIA | ||
| 650 | _aTECNOLOGIA APROPRIADA | ||
| 650 | _aBIOENERGIA | ||
| 650 | _aPRODUÇÃO AGRÍCOLA | ||
| 650 | _aAGREGAÇÃO DE VALOR | ||
| 650 | _aCOMERCIALIZAÇÃO | ||
| 650 | _aMERCADO INTERNACIONAL | ||
| 650 | _aPOLÍTICA AGRÍCOLA | ||
| 650 | _aFOMENTO AGRÍCOLA | ||
| 650 | _aDESENVOLVIMENTO SUSTENTÁVEL | ||
| 650 | _aCOOPERATIVISMO | ||
| 650 | _aASSOCIATIVISMO | ||
| 650 | _aGESTÃO | ||
| 650 | _aINSTITUIÇÃO PÚBLICA | ||
| 909 |
_a202309 _bLucia _c55 _dLucia Elande |
||
| 942 | _cBK | ||
| 999 |
_c70078 _d70078 |
||